Embedded Linux: Hardware, Software, and Interfacing (Record no. 7359)

000 -LEADER
fixed length control field 00380nam a2200145Ia 4500
008 - FIXED-LENGTH DATA ELEMENTS--GENERAL INFORMATION
fixed length control field 190920s9999||||xx |||||||||||||| ||und||
020 ## - INTERNATIONAL STANDARD BOOK NUMBER
International Standard Book Number 9788178087764
082 ## - DEWEY DECIMAL CLASSIFICATION NUMBER
Classification number 005
Item number HOL/E
100 ## - MAIN ENTRY--PERSONAL NAME
Personal name Hollabaugh, Craig
245 #0 - TITLE STATEMENT
Title Embedded Linux: Hardware, Software, and Interfacing
250 ## - EDITION STATEMENT
Edition statement 1st Edition
260 ## - PUBLICATION, DISTRIBUTION, ETC.
Place of publication, distribution, etc. New Delhi
Name of publisher, distributor, etc. Pearson Edu.
Date of publication, distribution, etc. 2002
300 ## - PHYSICAL DESCRIPTION
Extent 419p.
942 ## - ADDED ENTRY ELEMENTS (KOHA)
Koha item type Book
952 ## - LOCATION AND ITEM INFORMATION (KOHA)
Lost status
Holdings
Withdrawn status Collection code Permanent Location Current Location Cost, normal purchase price Full call number Accession no. Koha item type
  School of Data Science (Noida) MUIT-NOIDA MUIT-NOIDA 210.00 005 HOL/E DSC00196 Reference Book

All Rights Reserved@MUIT

Powered by Koha